000 00716nam a2200241Ia 4500
003 OSt
005 20220925200808.0
006 a|||||r|||| 00| 0
007 ta
008 220923b |||||||| |||| 00| 0 eng d
037 _cGeneral Book
040 _aRTL
_cRTL
_beng
041 _2eng
_aeng
082 _aX9(D66):8.2-1.N8, N0
100 _aSaini Sarvjeet Singh
_9258631
245 0 _aAdministraiton and performance of electricity unde
260 _aDelhi
_bH K Publishiers India
_c1990
300 _a304p
_ccm.
500 _aBib p. 257-62,Appendix p. 263-300
650 _aElectrical
942 _hX9(D66):8.2-1.N8, N0
_cGB
_2CC
999 _c537917
_d537917